U.S. Cities with Safest Drivers Quiz Stats

 Plays Quiz not verified by Sporcle

Score 0/30 Timer 10:00
0 Plays Today
Rank City % Correct
27Kansas City, KS
68%
3Boise, ID
64%
9Lincoln, NE
62%
26Madison, WI
60%
4Colorado Springs, CO
56%
7Reno, NV
56%
21Nashville, TN
56%
20Tucson, AZ
52%
22Lexington, KY
52%
13Springfield, MO
50%
17Birmingham, AL
46%
28Montgomery, AL
46%
29Spokane, WA
46%
18Sioux Falls, SD
42%
23Mesa, AZ
42%
Rank City % Correct
6Eugene, OR
40%
11Fort Wayne, IN
38%
1Fort Collins, CO
34%
5Knoxville, TN
34%
12Dayton, OH
34%
24Mobile, AL
34%
10Cedar Rapids, IA
28%
16Chandler, AZ
26%
25Gilbert, AZ
26%
2Chattanooga, TN
24%
8Huntsville, AL
24%
14Winston Salem, NC
24%
30Port Saint Lucie, FL
8%
19Cary, NC
6%
15Salinas, CA
4%

You're not logged in!

Compare scores with friends on all Sporcle quizzes.
OR
Log In

You Might Also Like...

Show Comments

Extras

Top Quizzes Today


Score Distribution

Your Account Isn't Verified!

In order to create a playlist on Sporcle, you need to verify the email address you used during registration. Go to your Sporcle Settings to finish the process.

Report this User

Report this user for behavior that violates our Community Guidelines.

Details: